| 000 | 00654nam a2200193 i 4500 | ||
|---|---|---|---|
| 001 | 146340 | ||
| 003 | ES-MaACL | ||
| 005 | 20250930063126.0 | ||
| 007 | t| | ||
| 008 | 070906s1980 sp ||||1| spa d | ||
| 100 | 1 |
_aTorroja Menéndez, José María, _d1916-1994 _9151756 |
|
| 245 | 1 | 3 |
_aEl sistema del mundo desde la antigüedad hasta Alfonso X el Sabio / _cJosé María Torroja Menéndez. |
| 260 |
_aMadrid : _bInstituto de España, _c1980. |
||
| 300 |
_a246 p. : _bil. ; _c24 cm. |
||
| 650 |
_aAstronomía- _vHistoria. _910388 |
||
| 710 | 2 |
_aInstituto de España. _94873 |
|
| 852 |
_aES-MaACL _jL-1349 _bR.102177 |
||
| 999 |
_c146340 _d146340 |
||